|
|
|
|
| LEADER |
01453cam a2200361Ia 4500 |
| 001 |
9780203422052 |
| 003 |
FlBoTFG |
| 005 |
20091230162920.0 |
| 006 |
a|||||s||||||||||| |
| 007 |
cr|||| |
| 008 |
950511s1996 enk sb 001 0 eng d |
| 020 |
|
|
|a 9780203422052 (e-book : PDF)
|
| 040 |
|
|
|a FlBoTFG
|c FlBoTFG
|d GrThAP
|
| 043 |
|
|
|a aw-----
|a e------
|a ff-----
|
| 090 |
|
|
|a BR180
|b .F76 1996
|
| 092 |
|
|
|a 270.2
|b F931
|
| 245 |
0 |
0 |
|a From Constantine to Julian
|h [electronic resource] :
|b pagan and Byzantine views ; a source history /
|c edited by Samuel N.C. Lieu and Dominic Montserrat.
|
| 260 |
|
|
|a London ;
|a New York :
|b Routledge,
|c 1996.
|
| 300 |
|
|
|a xxi, 285 p.
|
| 504 |
|
|
|a Includes bibliographical references (p. 263-273) and indexes.
|
| 530 |
|
|
|a Also available in print edition.
|b CRC Press (http://www.crcpress.com)
|
| 538 |
|
|
|a Mode of access: World Wide Web.
|
| 650 |
|
0 |
|a Religion and state
|z Rome
|x History
|v Sources.
|
| 650 |
|
0 |
|a Church and state
|z Rome
|x History
|v Sources.
|
| 650 |
|
0 |
|a Church history
|y Primitive and early church, ca. 30-600
|v Sources.
|
| 651 |
|
0 |
|a Rome
|x Religion
|v Sources.
|
| 651 |
|
0 |
|a Rome
|x History
|y Constantines, 306-363
|v Sources.
|
| 651 |
|
0 |
|a Rome
|x History
|y Empire, 284-476
|v Sources.
|
| 655 |
|
7 |
|a Electronic books.
|2 lcsh
|
| 700 |
1 |
|
|a Lieu, Samuel N. C.
|
| 700 |
1 |
|
|a Montserrat, Dominic,
|d 1964-
|
| 776 |
1 |
|
|z 9780415093354
|
| 856 |
4 |
0 |
|u http://www.tandfebooks.com/isbn/9780203422052
|z Full Text via HEAL-Link
|